| 000 | 00510nam a2200181Ia 4500 | ||
|---|---|---|---|
| 005 | 20250603150001.0 | ||
| 008 | 250603s9999 xx 000 0 und d | ||
| 020 | _a0205376312 | ||
| 050 | _aPN 4775 .H236/ | ||
| 100 | _aHamilton, Nancy M. | ||
| 245 | 0 | _aUncoverig the secrets of magazine writing : a step-by-stp guide to writing creative nonfiction for print and internet publication | |
| 260 | _aBoston | ||
| 260 | _bPearson | ||
| 260 | _c2005 | ||
| 300 | _a240 p | ||
| 650 | _aBoston | ||
| 942 | _cBK | ||
| 999 |
_c43428 _d43428 |
||